The prisoner of Zenda / (رقم التسجيلة. 19668)

تفاصيل مارك
000 -الفاتح
حقل البيانات ثابتة الطول 01294cam a2200349 a 4500
001 - رقم الضبط
رقم الضبط 16035503
003 - محدد رقم الضبط
رقم الضبط OSt
005 - وقت وتاريخ اخر تعامل مع التسجيلة
رقم الضبط 20150408113957.0
008 - عناصر البيانات ثابتة الطول - معلومات عامة
حقل البيانات ثابتة الطول 111214s2009 enk b 000 1 eng d
010 ## - رقم ضبط مكتبة الكونجرس
رقم ضبط مكتبة الكونجرس 2009504348
015 ## - رقم الببليوجرافية الوطنية
رقم الببليوجرافية الوطنية GBA935871
المصدر bnb
016 7# - رقم ضبط الوكاله الوطنية للضبط الببليوجرافي
رقم ضبط التسجيلة 015108623
المصدر Uk
020 ## - الرقم الدولى المعيارى للكتب
الرقم الدولى المعيارى للكتاب 9780199555284 (pbk.)
035 ## - رقم ضبط النظام
رقم ضبط النظام (OCoLC)ocn317473062
040 ## - مصدر الفهرسة
وكالة الفهرسة الأصلية BTCTA
وكالة النسخ BTCTA
وكالة التعديل UKM
-- YDXCP
-- BIB
-- UAB
-- DLC
042 ## - رمز التحقق
رمز التحقق lccopycat
050 00 - رقم طلب مكتبة الكونجرس
رقم التصنيف PR4762
رقم المادة .P7 2009
082 00 - رقم تصنيف ديوى العشرى
رقم التصنيف 823.8 H A P
رقم الطبعة 22
100 1# - المدخل الرئيسى - إسم شخصى
الإسم الشخصى Hope, Anthony,
التواريخ المصاحبة للاسم 1863-1933.
9 (RLIN) 8146
245 14 - بيان العنوان
العنوان The prisoner of Zenda /
بيان المسئوليه,etc Anthony Hope ; edited with an introduction and notes by Tony Watkins.
260 ## - PUBLICATION, DISTRIBUTION, ETC. (IMPRINT)
مكان الناشر او الموزع Oxford ;
-- New York :
اسم الناشر او الموزع Oxford University Press,
تاريخ النشر أو التوزيع [2009]
300 ## - الوصف المادى
التعداد xxviii, 177 p. ;
أبعاد الوعاء 20 cm.
490 0# - بيان السلسلة
عنوان السلسلة Oxford world's classics
504 ## - تبصرة ببليوجرافية
تبصرة ببليوجرافية,الخ Includes bibliographical references.
650 #0 - المدخل الاضافى بالموضوع-مصطلح موضوعى
مصطلح موضوعي أو اسم جغرافي كعنصر مدخل British
التقسيم الفرعي الجغرافي Foreign countries
التقسيم الفرعي الشكلي Fiction.
9 (RLIN) 8147
650 #0 - المدخل الاضافى بالموضوع-مصطلح موضوعى
مصطلح موضوعي أو اسم جغرافي كعنصر مدخل Impostors and imposture
التقسيم الفرعي الشكلي Fiction.
655 #7 - مصطلح تكشيفى-نوع/شكل
بيانات النوع/ الشكل أو المصطلح الأساسي Adventure stories.
مصدر المصطلح gsafd
9 (RLIN) 7117
700 1# - المدخل الاضافى - اسم شخصى
الإسم الشخصى Watkins, Tony.
9 (RLIN) 8148
906 ## - عنصر بيانات محلى F, LDF (RLIN)
a 7
b cbc
c copycat
d 2
e ncip
f 20
g y-gencatlg
942 ## - عناصر المدخل الإضافي( كوها)
مصدر التصنيف او مخطط الترفيف Dewey Decimal Classification
Koha [default] item type DVD
المقتنيات
حالة الفقد نموذج السعر الفعال حالة تلف ليس للاعارة رقم الطلب تاريخ الاكتساب الموقع الحالي الباركود الفرع الرئيسي Date last seen نوع المادة فى نظام كوها مصدر التصنيف او خطة الترفيف Total Checkouts
  2013-03-10     823.8 H A P 2011-12-14 قسم الاجراءات الفنية (IC) 00100694 قسم الاجراءات الفنية (IC) 2013-03-10 كتاب Dewey Decimal Classification  
  2013-03-10     823.8 H A P 2011-12-14 قسم الاجراءات الفنية (IC) 00100693 قسم الاجراءات الفنية (IC) 2013-03-10 كتاب Dewey Decimal Classification